header

The memory of the Temple and the making of the rabbis (Record no. 219239)

MARC details
000 -LEADER
fixed length control field 01539nam a2200385Ia 4500
082 04 - DEWEY DECIMAL CLASSIFICATION NUMBER
Classification number 296.4/91
100 1# - MAIN ENTRY--AUTHOR NAME
Personal name Cohn, Naftali S.
245 14 - TITLE STATEMENT
Title The memory of the Temple and the making of the rabbis
250 ## - EDITION STATEMENT
Edition statement 1st ed.
260 ## - PUBLICATION, DISTRIBUTION, ETC. (IMPRINT)
Place of publication Philadelphia :
Name of publisher University of Pennsylvania Press,
Year of publication c2013.
300 ## - PHYSICAL DESCRIPTION
Number of Pages xii, 240 p. :
Other physical details ill.
490 1# - SERIES STATEMENT
Series statement Divinations: rereading late ancient religion
650 #0 - SUBJECT ADDED ENTRY--TOPICAL TERM
Topical Term Rabbis
Topical Term Judaism
856 40 - ELECTRONIC LOCATION AND ACCESS
Uniform Resource Identifier http://site.ebrary.com/lib/rucke/Doc?id=10748628

No items available.

© 2026 Rongo University
Contact us: librarian | system librarian | Rongo university